00619 2200217 4500001002100000005001500021035002000036007000300056008004100059020002200100082001200122084001800134100003500152245009600187250001000283260003200293300002500325650003100350990001000381990001000391INLIS00000000000037820170926122604 a0010-0917000364ta170926 f 0 ind  a978-979-1254-83-0 a297.125 a297.125 ALA b0 aAlAsqani, Al Hafizh Ibnu Hajar1 aBulughul Maram :bHimpunan Hadits Hukum dalam Fikih Islam /cAl Hafizh Ibnu Hajar Al Asqani aCet 2 aJakarta :bDarul Haq,c2015 a852hlm ;c15 x 24 cm aHadist, Hukum, Fiqih Islam a5754a a5754b